000 00447nam a2200145Ia 4500
008 100204s9999 xx 000 0 und d
082 _b16789
100 _aस्वामी विवेकानंद
245 _aदैवी वाणी
260 _b"रामकृष्ण मठ , नागपूर"
_c1982 4
300 _a218
630 _aदैवी वाणी
730 _aदैवी वाणी
942 _cBOOK
999 _c461212
_d461209